| 000 | 00461nam a22001697a 4500 | ||
|---|---|---|---|
| 003 | NUST-PNEC | ||
| 005 | 20170116180743.0 | ||
| 008 | 150106b xxu||||| |||| 00| 0 eng d | ||
| 040 | _cPNEC | ||
| 082 | _a153.94 CAR | ||
| 100 |
_91177 _aCarter, Philip J. |
||
| 245 |
_aTest your IQ _cPhilip J. Carter & Kenneth A. Russell |
||
| 260 |
_aNew Delhi : _bCompetition Review Pvt. Ltd., _cc1997. |
||
| 300 |
_a127 p. : _c22 cm. |
||
| 650 | _xGeneral | ||
| 942 |
_2ddc _cBK |
||
| 999 |
_c62254 _d62254 |
||